Histology of the striped bass
I tiakina i:
| Kaituhi matua: | |
|---|---|
| Hōputu: | Pukapuka |
| Reo: | Ingarihi |
| I whakaputaina: |
Bethesda
American Fisheries Society
1982
|
| Rangatū: | American Fisheries Society Monograph, 3
|
| Ngā marau: | |
| Ngā Tūtohu: |
Tāpirihia he Tūtohu
Kāore He Tūtohu, Me noho koe te mea tuatahi ki te tūtohu i tēnei pūkete!
|
MARC
| LEADER | 00000nam a2200000 a 4500 | ||
|---|---|---|---|
| 001 | UCL5191 | ||
| 003 | CL-VaPUC | ||
| 008 | 040305e19820000US |||||||||||||||||eng|d | ||
| 082 | 0 | 4 | |a 597 |b GRO |2 21 |
| 100 | 0 | |a Groman, David B |e author |9 482909 | |
| 245 | 1 | 0 | |a Histology of the striped bass |
| 300 | |a 116 p | ||
| 942 | |c BK | ||
| 945 | |d 20040305 00:00:00 |a cmena | ||
| 260 | |a Bethesda |b American Fisheries Society |c 1982 | ||
| 650 | 7 | |a PECES |2 CL-VaPUC |9 482910 | |
| 650 | 0 | |a Histología |9 264868 | |
| 650 | 0 | |a Anatomía animal |9 338540 | |
| 583 | |a last modification |c 20130422 12:13:05 |k Rodrigo Vera | ||
| 490 | 0 | |a American Fisheries Society Monograph, 3 | |
| 999 | |c 307853 |d 307851 | ||
| 952 | |0 0 |1 0 |2 ddc |4 0 |6 597_000000000000000_GRO_1982 |7 0 |8 CCM |9 373988 |a BIBCUR |b BIBCUR |c PAC |d 2019-11-21 |i 3965465 |o 597 GRO 1982 |p 3965465 |r 2025-04-22 |w 2019-11-21 |y BK |k CIM | ||